| 000 | 00323nam a2200097Ia 4500 | ||
|---|---|---|---|
| 082 | _a610.73072 BRIN | ||
| 245 | 0 | _aFundamentals of research methodology for health care professionals | |
| 100 |
_a BrINK, Hilla Cape Town, South Africa, 2012 3rd ed _933432 |
||
| 942 | _cBK | ||
| 008 | 210817s9999 xx 000 0 und d | ||
| 999 |
_c122118 _d122117 |
||